Biblioteca

Models of teaching (Registro nro. 66310)

Detalles MARC
000 -LÍDER
Campo fijo de descripción fija 01898cam a2200409 i 4500
001 - NÚMERO DE CONTROL
Campo de control 768714001
003 - IDENTIFICADOR DEL NÚMERO DE CONTROL
Campo de control CO-MdFUSB
005 - FECHA Y HORA DE LA ULTIMA TRANSACCIÓN
control field 20210527155647.0
007 - CAMPO FIJO DE DESCRIPCIÓN FIJA--INFORMACIÓN GENERAL
Campo fijo de descripción fija ta
008 - ELEMENTOS DE LONGITUD FIJA -- INFORMACIÓN GENERAL
Campo fijo de descripción fija -- Información general 030319t2004 maua b 001 0 eng
010 ## - NÚMERO DE CONTROL DE LA BIBLIOTECA DEL CONGRESO
Número de control LC 2003048046
020 ## - NÚMERO INTERNACIONAL NORMALIZADO PARA LIBROS
Número Internacional Normalizado del libro 0205389279
020 ## - NÚMERO INTERNACIONAL NORMALIZADO PARA LIBROS
Número Internacional Normalizado del libro 9780205389278
040 ## - FUENTE DE CATALOGACIÓN
Agencia de catalogación original DLC
Agencia que realiza la transcripción CO-MdFUSB
Agencia que realiza la modificación BAKER
-- CO-MdFUSB
-- BTCTA
-- YDXCP
-- UtOrBLW
Idioma de catalogación spa
Convenciones de la descripción rda
041 ## - CÓDIGO DE IDIOMA
Código de idioma para texto/pista de sonido o título separado eng
082 ## - NÚMERO DE CLASIFICACIÓN DECIMAL DEWEY
Número de la edición del Dewey 23
Número de clasificación 371.102
Clave de autor-Numero de item J891
090 ## - SIGNATURA TOPOGRÁFICA LOCAL
Número de clasificación local LB1027.3
100 1# - ASIENTO PRINCIPAL--NOMBRE PERSONAL
Nombre personal Joyce, Bruce R.
Término relacionador autor
245 10 - TÍTULO
Título del Material Models of teaching
Mención de responsabilidad, etc. / Bruce Joyce , Marsha Weil , Emily Calhoun.
250 ## - MENCIÓN DE EDICIÓN
Mención de edición séptima edición
264 #1 - PRODUCCIÓN, PUBLICACIÓN, DISTRIBUCIÓN, MANUFACTURA, Y COPYRIGHT
Lugar de producción, publicación, distribución, manufactura Boston :
Nombre del productor, publicador, distribuidor Allyn and Bacon,
Fecha de producción, publicación, distribución, manufactura, o copyright [2004]
264 #4 - PRODUCCIÓN, PUBLICACIÓN, DISTRIBUCIÓN, MANUFACTURA, Y COPYRIGHT
Fecha de producción, publicación, distribución, manufactura, o copyright © 2004
300 ## - DESCRIPCIÓN FÍSICA
Extensión xiv, 532 páginas. :
Otros detalles físicos ilustraciones ;
Dimensiones 25 cm.
336 ## - TIPO DE CONTENIDO
Fuente rdacontent
Término de tipo de contenido texto
Código de tipo de contenido txt
337 ## - TIPO DE MEDIO
Fuente rdamedia
Nombre del tipo de medio sin mediación
Código del tipo de medio n
338 ## - TIPO DE SOPORTE
Fuente rdacarrier
Nombre del tipo de soporte volumen
Código Tipo de soporte nc
504 ## - NOTA DE BIBLIOGRAFÍA, ETC.
Nota de bibliografía, etc Incluye referencias bibliográficas (páginas. 479-517 ) e índice.
505 ## - NOTA DE CONTENIDO
Nota de contenido con formato preestablecido Equipar a la comunidad de líderes - Socios en el aprendizaje - Juego de roles - Investigación jurisprudencial - Adaptarse a las diferencias individuales - Pensar de manera inductiva - Alcanzar conceptos - Memorización - Aprender de las presentaciones <br/> Entrenamiento de investigación - Sinéctica - Desarrollo del intelecto - Enseñanza no directiva - Conceptos de autocontrol - Aprendizaje de dominio, instrucción directa y teoría del aprendizaje social - Autocontrol del aprendizaje - Entrenamiento y auto entrenamiento: aprendizaje a partir de simulaciones - Condiciones de aprendizaje - Cómo aprender un repertorio de enseñanza - Estilos de aprendizaje y modelos de enseñanza.
563 ## - NOTA DE ENCUADERNACIÓN
Nota de encuadernación Rústico
650 #0 - ASIENTO SECUNDARIO DE MATERIA - TERMINO TEMÁTICO
9 (RLIN) 984
Término temático o nombre geográfico como elemento de entrada Educación
653 ## - TÉRMINO DE INDIZACIÓN - NO CONTROLADO
Término no controlado Innovaciones educativas.
700 1# - ASIENTO SECUNDARIO - NOMBRE PERSONAL
Nombre personal Weil, Marsha.
Responsabilidad autor
700 1# - ASIENTO SECUNDARIO - NOMBRE PERSONAL
Nombre personal Calhoun, Emily.
Responsabilidad autor
942 ## - TIPO DE MATERIAL (KOHA)
Tipo de Item KOHA Libros General
945 ## - INFORMACIÓN LOCAL DEL REGISTRO
Catalogador JTF-925
Existencias
Estado de Material Estado de Perdido Forma de Clasificación Estado de Dañado No para Préstamo Colección Biblioteca de Origen Biblioteca Permanente Fecha de Adquisición Área Total de Préstamos Signatura Topográfica Código de Barras Última vez visto Ejemplar/Existencia Fecha de Remplazo Tipo de Material
    Dewey Decimal Classification     Colección General Biblioteca FUSBC Biblioteca FUSBC 26/06/2020 EDUCACIÓN   G 371.102 J891m 9338 26/06/2020 Ej.1 26/06/2020 Libros General

Biblioteca FUSBC | Teléfono: (57+4) 349 88 10 Ext. 141| WhatsApp (+57) 3005338115 
E-mail: biblioteca@unisbc.edu.co | Calle 76 87-14 Robledo Palenque, Medellín, Colombia

Con tecnología Koha